000
00326nam a2200145Ia 4500
100
_a
Koosis/ Donald/ Koosis/David
942
_c
BK
654
_a
Computer
245
_a
Java programming for Dummies
260
_b
Comdex Pub
_a
New Delhi
_c
1996
082
_a
5.133
_b
KOO
300
_a
366
546
_a
ENGLISH
999
_c
31756
_d
31756